000 00413ntaaa2200169 4500
003 01
005 20251027200859.0
008 0714s1973 ag 01
040 _aAR-BaBN
_bspa
_cAR-BaBN
_eaacr
_dRIC
082 _a780.9 Su1
100 _aSubirá, José
_95459
245 _aHistoria de la música /
_cJosé Subirá
250 _a3 ed. :
_bSalvat,
_c1958
300 _a4 v
650 _aMusica-Historia
942 _cBK
999 _c2856
_d2856